[Event "EU-chT (Men)"]
[Site "Debrecen"]
[Date "1992.??.??"]
[Round "2"]
[White "Hertneck, Gerald"]
[Black "Damaso, Rui"]
[Result "1-0"]
[WhiteElo "2530"]
[BlackElo "2450"]
[PlyCount "45"]
[EventDate "1992.11.??"]
[Source "ChessBase"]

1. d4 e6 2. e4 d5 3. Nd2 Nf6 4. e5 Ne4 5. Nxe4 dxe4 6. Be3 c5 7. dxc5 Nd7 8. Qg4 Nxc5 9. Bb5+ Bd7 10. O-O-O h5 11. Qf4 Qa5 12. Bxd7+ Nxd7 13. Qxe4 O-O-O 14. a3 Bxa3 15. Nf3 Be7 16. Kb1 Nc5 17. Qc4 Kb8 18. Ng5 Rc8 19. Nxf7 Na4 20. Qa2 Rc3 21. Nd6 Rhc8 22. Rd4 Bxd6 23. Rxa4 1-0

[Event "Frunze"]
[Site "Frunze"]
[Date "1983.??.??"]
[Round "?"]
[White "Dvoretzky, Mark"]
[Black "Bagirov, Vladimir"]
[Result "1/2-1/2"]
[WhiteElo "2480"]
[BlackElo "2500"]
[PlyCount "71"]
[EventDate "1983.05.??"]
[Source "ChessBase"]

1. e4 Nf6 2. Nc3 d5 3. e5 Nfd7 4. f4 e6 5. Nf3 c5 6. d4 Nc6 7. Be3 cxd4 8. Nxd4 Bc5 9. Qd2 Nxd4 10. Bxd4 Bxd4 11. Qxd4 Qb6 12. O-O-O Qxd4 13. Rxd4 a6 14. g3 b6 15. Bg2 Bb7 16. Nd1 Rc8 17. Ne3 Rc7 18. Kb1 b5 19. a4 Ke7 20. b3 bxa4 21. Rxa4 Nc5 22. Rd4 a5 23. Kb2 a4 24. b4 a3+ 25. Ka1 Na4 26. c4 dxc4 27. Bxb7 Rxb7 28. Rxc4 Rd8 29. Rd1 Nb2 30. Rxd8 Nxc4 31. Rd3 Rxb4 32. Nxc4 Rxc4 33. Rxa3 g5 34. fxg5 Re4 35. h4 Rxe5 36. Kb2 1/2-1/2

[Event "RUS-Cup"]
[Site "?"]
[Date "1999.??.??"]
[Round "8"]
[White "Goloshchapov Alexander"]
[Black "Zakharevich Igor"]
[Result "1/2-1/2"]
[WhiteElo "2446"]
[BlackElo "2532"]
[PlyCount "27"]
[EventDate "1999.??.??"]
[Source "www.chesslib.no"]
[SourceDate "2004.05.04"]

1. e4 e6 2. d4 d5 3. Nc3 dxe4 4. Nxe4 Nd7 5. Nf3 Ngf6 6. Bg5 Be7 7. Nxf6+ Bxf6 8. Qd2 Bxg5 9. Nxg5 Nf6 10. O-O-O O-O 11. Bd3 b6 12. h4 Bb7 13. Kb1 Qd6 14. Qe2 1/2-1/2

[Event "FRA-chT2S 9899"]
[Site "?"]
[Date "1998.11.15"]
[Round "3"]
[White "Georgiev Krum"]
[Black "Sulava Nenad"]
[Result "1/2-1/2"]
[WhiteElo "2525"]
[BlackElo "2450"]
[PlyCount "28"]
[EventDate "1998.??.??"]
[Source "www.chesslib.no"]
[SourceDate "2004.05.04"]

1. e4 e6 2. d4 d5 3. Nd2 Nf6 4. e5 Ne4 5. Nxe4 dxe4 6. Bc4 a6 7. a4 b6 8. Nh3 Bb7 9. Nf4 Nc6 10. c3 g6 11. O-O Bg7 12. Ba2 Qd7 13. Qc2 Ne7 14. Re1 O-O 1/2-1/2

[Event "SLO-ch team"]
[Site "?"]
[Date "1999.11.14"]
[Round "7"]
[White "Sermek Drazen"]
[Black "Rogulj Branko"]
[Result "1/2-1/2"]
[WhiteElo "2545"]
[BlackElo "2427"]
[PlyCount "65"]
[EventDate "1999.??.??"]
[Source "www.chesslib.no"]
[SourceDate "2004.05.04"]

1. e4 Nf6 2. Nc3 e6 3. d4 d5 4. Bd3 c5 5. exd5 exd5 6. Bg5 Be6 7. dxc5 Bxc5 8. Nf3 Nc6 9. O-O O-O 10. Re1 h6 11. Bh4 a6 12. Qd2 Be7 13. a3 Rc8 14. Rad1 Qc7 15. Bg3 Bd6 16. Bxd6 Qxd6 17. h3 Rfd8 18. Ne2 Kf8 19. Ned4 Nxd4 20. Nxd4 Bd7 21. Qb4 Qxb4 22. axb4 Re8 23. Kf1 g6 24. c3 Rxe1+ 25. Rxe1 Re8 26. Ra1 Ke7 27. f3 Kd6 28. Kf2 Nh5 29. Ne2 Ng7 30. Nd4 Ne6 31. Ne2 h5 32. h4 Bb5 33. Bxb5 1/2-1/2

[Event "34. Olympiad"]
[Site "?"]
[Date "2000.11.08"]
[Round "11"]
[White "Giaccio Alfredo"]
[Black "Jacimovic Dragoljub"]
[Result "0-1"]
[WhiteElo "2505"]
[BlackElo "2465"]
[PlyCount "108"]
[EventDate "2000.??.??"]
[Source "www.chesslib.no"]
[SourceDate "2004.05.04"]

1. e4 e6 2. Nc3 d5 3. Nf3 Nf6 4. e5 Nfd7 5. d4 c5 6. dxc5 Nc6 7. Bf4 Nxc5 8. Bd3 Be7 9. h4 f6 10. exf6 gxf6 11. Bh6 Qb6 12. O-O Bd7 13. a3 Nxd3 14. cxd3 Kf7 15. Be3 Qd8 16. d4 Rg8 17. Bf4 Rg4 18. Bg3 Qg8 19. Ng5+ Rxg5 20. hxg5 Qxg5 21. Qd3 Qg6 22. Rfd1 Qxd3 23. Rxd3 Na5 24. a4 a6 25. Bc7 Nc6 26. Rad1 Rc8 27. Bb6 Bd6 28. Rh3 Kg7 29. Bc5 Bc7 30. Rh4 b6 31. Ba3 Na5 32. Re1 Re8 33. b4 Nc4 34. Bc1 Bd6 35. Bh6+ Kg6 36. b5 Bb4 37. Rc1 axb5 38. Nxb5 Ra8 39. Nc3 Bxa4 40. g3 Bxc3 41. Rxc3 b5 42. Bc1 Bd1 43. g4 Ra1 44. Kg2 b4 45. Rh6+ Kg7 46. Rch3 Bc2 47. Rh1 b3 48. g5 fxg5 49. Rxe6 Be4+ 50. f3 Rxc1 51. Rxc1 b2 52. Re1 b1=Q 53. Rxb1 Bxb1 54. Kg3 Bf5 0-1

[Event "Moscow RUS"]
[Site "?"]
[Date "1996.??.??"]
[Round "?"]
[White "Drozdov Igor"]
[Black "Kiriakov Petr"]
[Result "1/2-1/2"]
[WhiteElo "2455"]
[BlackElo "2515"]
[PlyCount "41"]
[EventDate "1996.??.??"]
[Source "www.chesslib.no"]
[SourceDate "2004.05.04"]

1. e4 e6 2. Nf3 d5 3. Nc3 Nf6 4. e5 Nfd7 5. d4 c5 6. dxc5 Nc6 7. Bf4 Bxc5 8. Bd3 f6 9. exf6 Nxf6 10. O-O O-O 11. Ne5 Bd7 12. Qe2 Qe7 13. Rae1 Rae8 14. a3 a6 15. Bg3 Nxe5 16. Qxe5 Bc6 17. b4 Nd7 18. Qh5 Nf6 19. Qe5 Nd7 20. Qh5 Nf6 21. Qe5 1/2-1/2

[Event "Prilep"]
[Site "?"]
[Date "1992.??.??"]
[Round "?"]
[White "Smagin, S."]
[Black "Dimitrov, V."]
[Result "1-0"]
[WhiteElo "2520"]
[BlackElo "2445"]
[PlyCount "107"]
[EventDate "1992.??.??"]
[Source "ChessBase"]
[SourceDate "1992.10.01"]

1. e4 e6 2. d4 d5 3. Nd2 Nf6 4. e5 Nfd7 5. f4 c5 6. c3 Nc6 7. Ndf3 Qb6 8. Ne2 f6 9. g3 cxd4 10. cxd4 Bb4+ 11. Nc3 O-O 12. a3 Be7 13. Bh3 fxe5 14. Bxe6+ Kh8 15. Nxd5 Qd8 16. Bxd7 Bxd7 17. dxe5 Bg4 18. O-O Bc5+ 19. Be3 Bxe3+ 20. Nxe3 Qb6 21. Qd2 Bxf3 22. Rxf3 Nd4 23. Rff1 Nb3 24. Qf2 Nxa1 25. Rxa1 Rae8 26. Rc1 g5 27. Ng4 Qxf2+ 28. Kxf2 gxf4 29. Rc7 fxg3+ 30. Kxg3 Rg8 31. Kf4 Rg7 32. Rc3 Rge7 33. Nf6 Rd8 34. Rg3 Rg7 35. e6 Rd1 36. Rxg7 Rf1+ 37. Kg5 Rg1+ 38. Kf5 Rf1+ 39. Kg5 Rg1+ 40. Kf4 Rf1+ 41. Kg4 Rg1+ 42. Kf3 Rxg7 43. Kf4 Re7 44. Ke5 Kg7 45. Nd5 Re8 46. Nc7 Re7 47. Kd6 Kf8 48. Nd5 Re8 49. Kd7 h5 50. h4 b5 51. b4 a6 52. e7+ Kf7 53. Kd6 Rc8 54. Nc7 1-0

[Event "Nationale I"]
[Site "Bordeaux"]
[Date "2003.04.06"]
[Round "7.2"]
[White "Afek, Yochanan"]
[Black "Bauer, Christian"]
[Result "0-1"]
[WhiteElo "2386"]
[BlackElo "2579"]
[PlyCount "88"]
[EventDate "2003.04.03"]
[Source "Roberto Alvarez"]
[SourceDate "2003.04.07"]

1. e4 Nf6 2. Nc3 d5 3. e5 Nfd7 4. d4 e6 5. Nce2 c5 6. c3 Nc6 7. Nf3 Qb6 8. a3 Be7 9. Nf4 cxd4 10. cxd4 g5 11. Nh5 g4 12. Ng5 Rg8 13. Nxh7 Qxd4 14. N7f6+ Bxf6 15. Nxf6+ Nxf6 16. exf6 Qxf6 17. Bb5 Bd7 18. Bxc6 Bxc6 19. O-O d4 20. Re1 O-O-O 21. Qd3 e5 22. Qg3 Rde8 23. Bd2 Qd6 24. Bb4 Qd5 25. Rac1 f6 26. Rc5 Qd7 27. Rec1 Kb8 28. Bd2 Rc8 29. b4 b6 30. R5c4 Kb7 31. R4c2 Qe6 32. Re1 Qd5 33. Bc1 Bb5 34. Rxc8 Kxc8 35. Bd2 Kb7 36. Bh6 Bc6 37. Kh1 Re8 38. b5 Bxb5 39. Qxg4 Rg8 40. Qf3 Qxf3 41. gxf3 Bc6 42. h4 Rh8 43. Bd2 Rxh4+ 44. Kg2 Rg4+ 0-1

[Event "Noviki-A"]
[Site "Budapest"]
[Date "1990.??.??"]
[Round "7"]
[White "Tolnai, Tibor"]
[Black "Farago, Ivan"]
[Result "0-1"]
[WhiteElo "2490"]
[BlackElo "2475"]
[PlyCount "90"]
[EventDate "1990.??.??"]
[Source "ChessBase"]

1. e4 e6 2. Nc3 d5 3. Nf3 Nf6 4. e5 Nfd7 5. d4 c5 6. dxc5 Nc6 7. Bf4 Bxc5 8. Bd3 f6 9. exf6 Nxf6 10. O-O O-O 11. Bg5 Bd7 12. a3 a6 13. Bh4 Qc7 14. Re1 Bd6 15. Qe2 Rae8 16. Rad1 Kh8 17. Qd2 Bf4 18. Qe2 Bd6 19. Qd2 Ne5 20. Nxe5 Bxe5 21. Bg3 Bxg3 22. hxg3 e5 23. Rf1 Bc6 24. Rde1 Qb6 25. Nd1 e4 26. Be2 d4 27. Bc4 Ng4 28. c3 Ne5 29. b3 Nxc4 30. bxc4 d3 31. Ne3 Qc5 32. g4 Qxa3 33. f3 exf3 34. Qxd3 Rd8 35. Nd5 Qc5+ 36. Qd4 Qxd4+ 37. cxd4 fxg2 38. Rxf8+ Rxf8 39. Kxg2 Rd8 40. Kg3 Bxd5 41. cxd5 Kg8 42. Re5 a5 43. Kf4 a4 44. Re7 a3 45. Rxb7 Ra8 0-1

[Event "open"]
[Site "Kavala"]
[Date "2004.08.03"]
[Round "5"]
[White "Erenburg, Sergey"]
[Black "Milanovic, Danilo"]
[Result "0-1"]
[WhiteElo "2533"]
[BlackElo "2428"]
[PlyCount "94"]
[EventDate "2004.07.31"]
[Source "Roberto Alvarez"]
[SourceDate "2004.08.17"]

1. e4 e6 2. Nf3 d5 3. Nc3 Nf6 4. e5 Nfd7 5. d4 c5 6. dxc5 Nc6 7. Bf4 Bxc5 8. Bd3 f6 9. exf6 Nxf6 10. O-O O-O 11. Qe2 Nh5 12. Bg3 Nxg3 13. hxg3 a6 14. Rae1 Bd7 15. Ne5 Nxe5 16. Qxe5 Qf6 17. Nd1 Qxe5 18. Rxe5 b5 19. Re2 Rf6 20. Ne3 h5 21. g4 h4 22. Kh2 Raf8 23. f3 Bd6+ 24. Kh3 g5 25. Rfe1 Kg7 26. c3 Rf4 27. a3 Kf6 28. Nc2 e5 29. Ne3 Bc6 30. Bb1 Bb8 31. Ba2 Rd8 32. Nc2 e4 33. Nd4 Bb7 34. Bb1 Re8 35. Nf5 Bc6 36. fxe4 dxe4 37. Rd2 Rxf5 38. gxf5 Kxf5 39. Rf1+ Bf4 40. g4+ hxg3 41. Rd6 Rh8+ 42. Kg2 Kg4 43. Rxf4+ gxf4 44. Rg6+ Kf5 45. Rxc6 Rh2+ 46. Kg1 f3 47. Rc5+ Kf4 0-1

[Event "TCh-RUS Siberian Zone, Omsk RUS"]
[Site "?"]
[Date "2001.??.??"]
[Round "3"]
[White "Drozdov, I."]
[Black "Nikitin, An"]
[Result "1-0"]
[WhiteElo "2455"]
[BlackElo "2505"]
[PlyCount "135"]
[EventDate "2001.??.??"]
[Source "www.chesslib.no"]
[SourceDate "2004.05.04"]

1. e4 e6 2. Nf3 d5 3. Nc3 Nf6 4. e5 Nfd7 5. d4 c5 6. dxc5 Nc6 7. Bf4 Bxc5 8. Bd3 f6 9. exf6 Nxf6 10. O-O O-O 11. Ne5 Bd7 12. Qe2 Qe7 13. Rae1 Rae8 14. a3 a6 15. Bg3 Bd4 16. Nd1 Nxe5 17. Bxe5 Bxe5 18. Qxe5 Bc6 19. f4 Nd7 20. Qd4 e5 21. fxe5 Rxf1+ 22. Rxf1 Qxe5 23. c3 Nf6 24. Qxe5 Rxe5 25. h3 Kf7 26. Kf2 Ke7 27. Ne3 Bd7 28. Rd1 Ba4 29. Rd2 Ke6 30. Bb1 Bb3 31. Rd4 b5 32. Bd3 h6 33. Kf3 Nd7 34. g4 Nc5 35. Bb1 Bc4 36. h4 a5 37. Bh7 Nb3 38. Rd1 Kd6 39. Bc2 Kc5 40. Kf4 Re8 41. h5 Rf8+ 42. Nf5 b4 43. axb4+ axb4 44. Re1 bxc3 45. bxc3 Rf7 46. Re8 Nc1 47. Ke3 Be2 48. Rc8+ Kb6 49. Rb8+ Kc7 50. Rb4 Bc4 51. Kd2 Na2 52. Ra4 Rf6 53. Ra7+ Kd8 54. Rxg7 d4 55. cxd4 Nb4 56. Be4 Be6 57. Ke3 Bxf5 58. Bxf5 Nc6 59. d5 Ne5 60. Ke4 Nf7 61. Be6 Ng5+ 62. Ke5 Rf8 63. Ra7 Rf1 64. Ra8+ Kc7 65. d6+ Kb6 66. Bd5 Re1+ 67. Kf6 Rd1 68. d7 1-0

[Event "MTO"]
[Site "Biel"]
[Date "2004.07.20"]
[Round "2"]
[White "Schneider, Ilja"]
[Black "Ulibin, Mikhail"]
[Result "0-1"]
[WhiteElo "2370"]
[BlackElo "2586"]
[PlyCount "52"]
[EventDate "2004.07.19"]
[Source "Roberto Alvarez"]
[SourceDate "2004.08.10"]

1. e4 e6 2. Nf3 d5 3. Nc3 Nf6 4. e5 Nfd7 5. d4 c5 6. dxc5 Nc6 7. Bf4 Bxc5 8. Bd3 f6 9. exf6 Nxf6 10. O-O O-O 11. Ne5 Bd7 12. Qe2 Qe7 13. Rae1 Rae8 14. a3 a6 15. Bg3 Nxe5 16. Bxe5 Bc6 17. b4 Bb6 18. b5 axb5 19. Nxb5 Bxb5 20. Bxb5 Ne4 21. Bg3 Rd8 22. Bd3 Nxg3 23. hxg3 Rf6 24. g4 Rdf8 25. Bf5 Kh8 26. Qe5 Qc5 0-1

[Event "Rome Open"]
[Site "Rome ITA"]
[Date "1990.??.??"]
[Round "3"]
[White "Aleksic, Nenad"]
[Black "Vaisser, Anatoli V"]
[Result "0-1"]
[WhiteElo "2415"]
[BlackElo "2540"]
[PlyCount "142"]
[EventDate "1990.02.??"]
[Source "www.chesslib.no"]
[SourceDate "2004.05.04"]

1. e4 e6 2. Nf3 d5 3. Nc3 Nf6 4. e5 Nfd7 5. d4 c5 6. dxc5 Nc6 7. Bf4 Bxc5 8. Bd3 f6 9. exf6 Nxf6 10. O-O O-O 11. Ne5 Bd6 12. Qe2 a6 13. Rae1 Qc7 14. Bg3 b5 15. Nb1 Re8 16. Nd2 Nxe5 17. Bxe5 Bxe5 18. Qxe5 Qxe5 19. Rxe5 Nd7 20. Re2 e5 21. Rfe1 g6 22. f3 Bb7 23. Nf1 Re7 24. c3 Rae8 25. Bc2 Kf8 26. Bb3 Nc5 27. Rd1 Rd7 28. Red2 Red8 29. Ne3 d4 30. Ng4 dxc3 31. Rxd7 Rxd7 32. Rxd7 Nxd7 33. bxc3 Ke7 34. Kf2 a5 35. a3 Kd6 36. Ke3 Bd5 37. Bc2 Nb6 38. Bd3 Bc4 39. Nf6 Bxd3 40. Kxd3 Nc4 41. Nxh7 Nxa3 42. Ng5 Nc4 43. Ne4+ Kd5 44. Nf6+ Kc6 45. Ke4 Kd6 46. Ne8+ Kd7 47. Nf6+ Ke6 48. Ne8 a4 49. Nc7+ Kd6 50. Na6 Nd2+ 51. Kd3 Nf1 52. h3 Ng3 53. Nb4 Nh5 54. Nc2 Nf4+ 55. Ke4 Nxg2 56. Na3 Kc5 57. Kxe5 Ne3 58. Nb1 Nc4+ 59. Kf6 b4 60. cxb4+ Kxb4 61. Kxg6 Nd2 62. Nxd2 a3 63. Nf1 a2 64. Ne3 Kb3 65. f4 a1=Q 66. f5 Qc3 67. Ng4 Qxh3 68. Nh6 Qg3+ 69. Kh5 Qg7 70. Ng4 Kc4 71. f6 Qh7+ 0-1